书目信息 |
| 题名: |
移轨创新
|
|
| 作者: | 纳兰 , 德维亚 著 ;沈蕾 译 | |
| 分册: | ||
| 出版信息: | 北京 中国人民大学出版社 2016 |
|
| 页数: | 16,344页 | |
| 开本: | 23cm | |
| 丛书名: | ||
| 单 册: | ||
| 中图分类: | F273.1 | |
| 科图分类: | ||
| 主题词: | 企业创新--qi ye chuang xin | |
| 电子资源: | ||
| ISBN: | 978-7-300-22702-3 | |
| 000 | 01202nam0 22002771 450 | |
| 001 | 0103153609 | |
| 005 | 20170503153609.0 | |
| 010 | @a978-7-300-22702-3@b精装@dCNY58.00 | |
| 100 | @a20160704d2016 em y0chiy50 ea | |
| 101 | 1 | @achi@ceng |
| 102 | @aCN@b110000 | |
| 105 | @aa z 000yy | |
| 106 | @ar | |
| 200 | 1 | @a移轨创新@9yi gui chuang xin@dOrbit shifting innovation@e充分释放改变历史的创新潜能@f(印)拉吉夫·纳兰(Rajiv Narang),(印)德维卡·德维亚(Devika Devaiah)著@g沈蕾译@zeng |
| 210 | @a北京@c中国人民大学出版社@d2016 | |
| 215 | @a16,344页@c图@d23cm | |
| 330 | @a本书通过案例,剖析了组织重力、行业重力、领域和部门重力,以及国家重力和文化重力等因素如何阻碍创新,并归纳了移轨创新所必经的五个阶段,每个联阶段可能遭遇的困境,以及每种困境的应对方案。 | |
| 510 | 1 | @aOrbit shifting innovation@zeng |
| 517 | 1 | @a充分释放改变历史的创新潜能@9chong fen shi fang gai bian li shi de chuang xin qian neng |
| 606 | 0 | @a企业创新@9qi ye chuang xin |
| 690 | @aF273.1@v5 | |
| 701 | 0 | @c(印)@a纳兰@9na lan@c(Narang, Rajiv)@4著 |
| 701 | 0 | @c(印)@a德维亚@9de wei ya@c(女,Devaiah, Devika)@4著 |
| 702 | 0 | @a沈蕾@9shen lei@4译 |
| 801 | 0 | @aCN@bTANGWEI@c20170308 |
| 905 | @b0967193-6@dF273.1@e1388@f4 | |
| 移轨创新=Orbit shifting innovation:充分释放改变历史的创新潜能/(印)拉吉夫·纳兰(Rajiv Narang),(印)德维卡·德维亚(Devika Devaiah)著/沈蕾译.-北京:中国人民大学出版社,2016 |
| 16,344页:图;23cm |
| ISBN 978-7-300-22702-3(精装):CNY58.00 |
| 本书通过案例,剖析了组织重力、行业重力、领域和部门重力,以及国家重力和文化重力等因素如何阻碍创新,并归纳了移轨创新所必经的五个阶段,每个联阶段可能遭遇的困境,以及每种困境的应对方案。 |
| ● |
| 相关链接 |
|
|
|
|
正题名:移轨创新
索取号:F273.1/1388
 
预约/预借
| 序号 | 登录号 | 条形码 | 馆藏地/架位号 | 状态 | 备注 |
| 1 | 0967193 | 209671933 | 第一样本阅览室/ [索取号:F273.1/1388] | 在馆 | |
| 2 | 0967194 | 209671942 | 第一借阅区/ [索取号:F273.1/1388] | 在馆 | |
| 3 | 0967195 | 209671951 | 第一借阅区/ [索取号:F273.1/1388] | 在馆 | |
| 4 | 0967196 | 209671960 | 第一借阅区/ [索取号:F273.1/1388] | 在馆 |